Textbook of electrical technology (Record no. 30106)

000 -LEADER
fixed length control field 00473nam a22001937a 4500
001 - CONTROL NUMBER
control field 30106
003 - CONTROL NUMBER IDENTIFIER
control field BD-DhUET
008 - FIXED-LENGTH DATA ELEMENTS--GENERAL INFORMATION
fixed length control field 150620b xxu||||| |||| 00| 0 eng d
040 ## - CATALOGING SOURCE
Transcribing agency 0
Modifying agency BD-DhUET
082 ## - DEWEY DECIMAL CLASSIFICATION NUMBER
Classification number 623
Item number THE/1972
100 ## - MAIN ENTRY--PERSONAL NAME
Personal name Theraja, B. L.
245 ## - TITLE STATEMENT
Title Textbook of electrical technology
250 ## - EDITION STATEMENT
Edition statement 1st ed.
260 ## - PUBLICATION, DISTRIBUTION, ETC. (IMPRINT)
Place of publication, distribution, etc. New Delhi
Name of publisher, distributor, etc. S. Chand
Date of publication, distribution, etc. 1972
300 ## - PHYSICAL DESCRIPTION
Extent 1830 p.
Other physical details ill.
650 #0 - SUBJECT ADDED ENTRY--TOPICAL TERM
Topical term or geographic name as entry element Electrical engineering
700 ## - ADDED ENTRY--PERSONAL NAME
Personal name Deshpande, D. L.
942 ## - ADDED ENTRY ELEMENTS (KOHA)
Koha item type General Book
Holdings
Copy number Koha full call number Shelving location Location (home branch) Lost status Sublocation or collection (holding branch) Piece designation (barcode) Koha date last seen Date acquired Not for loan Koha normalized classification for sorting Source of classification or shelving scheme Damaged status Price effective from Koha item type Withdrawn status
1623/THE/1972Reading sectionCentral Library, BUET Central Library, BUET255572015-06-202015-06-20 623_000000000000000_THE_1972  2015-06-20Reading Item 
2623/THE/1972Reading sectionCentral Library, BUET Central Library, BUET241032015-06-202015-06-20 623_000000000000000_THE_1972  2015-06-20Reading Item 
3623/THE/1972Reading sectionCentral Library, BUET Central Library, BUET255582015-06-202015-06-20 623_000000000000000_THE_1972  2015-06-20Reading Item 
4623/THE/1972Reading sectionCentral Library, BUET Central Library, BUET241022015-06-202015-06-20 623_000000000000000_THE_1972  2015-06-20General Book 
5623/THE/1972Reading sectionCentral Library, BUET Central Library, BUET241012015-06-202015-06-20 623_000000000000000_THE_1972  2015-06-20Reading Item